书目信息 |
| 题名: |
计算机网络
|
|
| 作者: | 库罗斯 , 罗斯 著 ;陈鸣 译 | |
| 分册: | ||
| 出版信息: | 北京 机械工业出版社 2018.06 |
|
| 页数: | XVII, 510页 | |
| 开本: | 26cm | |
| 丛书名: | 计算机科学丛书 | |
| 单 册: | ||
| 中图分类: | TP393 | |
| 科图分类: | ||
| 主题词: | 计算机网络--ji suan ji wang luo--教材 | |
| 电子资源: | ||
| ISBN: | 978-7-111-59971-5 | |
| 000 | 02087nam 2200361 450 | |
| 001 | CAL 012018081816 | |
| 005 | 20180702091427.7 | |
| 010 | @a978-7-111-59971-5@dCNY89.00 | |
| 100 | @a20180702d2018 em y0chiy50 ea | |
| 101 | 1 | @achi@ceng |
| 102 | @aCN@b110000 | |
| 105 | @aak a 000yy | |
| 106 | @ar | |
| 200 | 1 | @a计算机网络@Aji suan ji wang luo@e自顶向下方法@f(美) 詹姆斯·F.库罗斯, 基思·W.罗斯著@F( mei ) zhan mu si· F. ku luo si , ji si· W. luo si zhu@d= Computer networking@ea top-down approach@fJames F. Kurose, Keith W. Ross@g陈鸣译@zeng |
| 210 | @a北京@c机械工业出版社@d2018.06 | |
| 215 | @aXVII, 510页@c图@d26cm | |
| 225 | 2 | @a计算机科学丛书@Aji suan ji ke xue cong shu |
| 300 | @a华章教育 | |
| 305 | @a据原书第7版译出 | |
| 306 | @a由Pearson Education (培生教育出版集团) 授权, 仅限中国大陆地区销售 | |
| 320 | @a有书目 (第480-510页) | |
| 330 | @a本书是经典的计算机网络教材之一, 采用了作者独创的自顶向下方法来讲授计算机网络的原理及其协议, 自16年前第1版出版以来已经被数百所大学和学院选作教材, 被译为14种语言。第7版保持了以前版本的特色, 继续关注因特网和计算机网络的现代处理方式, 注重原理和实践, 为计算机网络教学提供了一种新颖和与时俱进的方法。同时, 第7版进行了相当多的修订和更新, 首次改变了各章的组织结构, 将网络层分成两章 (第4章关注网络层的“数据平面”, 第5章关注网络层的“控制平面”) , 并将网络管理主题放入了新的第5章中。此外, 为了反映自第6版以来计算机网络领域的新变化, 对其他章节也进行了更新, 删除了FTP和分布式散列表的材料, 用流行的因特网显式拥塞通告 (ECN) 材料代替了ATM网络的材料, 更新了有关802.11 (所谓WiFi) 网络和蜂窝网络 (包括4G和LTE) 的材料, 全面修订并增加了新的课后习题, 等等。 | |
| 410 | 0 | @12001 @a计算机科学丛书 |
| 500 | 10 | @aComputer networking : a top-down approach@mChinese |
| 517 | 1 | @a自顶向下方法@Azi ding xiang xia fang fa |
| 586 | @a | |
| 606 | 0 | @a计算机网络@Aji suan ji wang luo@j教材 |
| 690 | @aTP393@v5 | |
| 701 | 1 | @a库罗斯@Aku luo si@g(Kurose, James F.)@4著 |
| 701 | 1 | @a罗斯@Aluo si@g(Ross, Keith W.)@4著 |
| 702 | 0 | @a陈鸣@Achen ming@4译 |
| 801 | 0 | @aCN@c20180702 |
| 905 | @a河南城建学院图书馆@dTP393@eK846@f2 | |
| 计算机网络:自顶向下方法/(美) 詹姆斯·F.库罗斯, 基思·W.罗斯著= Computer networking:a top-down approach/James F. Kurose, Keith W. Ross/陈鸣译.-北京:机械工业出版社,2018.06 |
| XVII, 510页:图;26cm.-(计算机科学丛书) |
| 华章教育 |
| ISBN 978-7-111-59971-5:CNY89.00 |
| 本书是经典的计算机网络教材之一, 采用了作者独创的自顶向下方法来讲授计算机网络的原理及其协议, 自16年前第1版出版以来已经被数百所大学和学院选作教材, 被译为14种语言。第7版保持了以前版本的特色, 继续关注因特网和计算机网络的现代处理方式, 注重原理和实践, 为计算机网络教学提供了一种新颖和与时俱进的方法。同时, 第7版进行了相当多的修订和更新, 首次改变了各章的组织结构, 将网络层分成两章 (第4章关注网络层的“数据平面”, 第5章关注网络层的“控制平面”) , 并将网络管理主题放入了新的第5章中。此外, 为了反映自第6版以来计算机网络领域的新变化, 对其他章节也进行了更新, 删除了FTP和分布式散列表的材料, 用流行的因特网显式拥塞通告 (ECN) 材料代替了ATM网络的材料, 更新了有关802.11 (所谓WiFi) 网络和蜂窝网络 (包括4G和LTE) 的材料, 全面修订并增加了新的课后习题, 等等。 |
| ● |
| 相关链接 |
|
|
|
正题名:计算机网络
索取号:TP393/K846
 
预约/预借
| 序号 | 登录号 | 条形码 | 馆藏地/架位号 | 状态 | 备注 |
| 1 | 1409486 | 214094861 | 自科库301/301自科库 115排2列4层/ [索取号:TP393/K846] | 在馆 | |
| 2 | 1409487 | 214094870 | 自科库301/301自科库 115排2列4层/ [索取号:TP393/K846] | 在馆 |